<?xml version="1.0" encoding="UTF-8"?>
<record
    xmlns:xsi="http://www.w3.org/2001/XMLSchema-instance"
    xsi:schemaLocation="http://www.loc.gov/MARC21/slim http://www.loc.gov/standards/marcxml/schema/MARC21slim.xsd"
    xmlns="http://www.loc.gov/MARC21/slim">

  <leader>02011nam a2200337 i 4500</leader>
  <controlfield tag="001">000045768</controlfield>
  <controlfield tag="003">DO-SdBNP</controlfield>
  <controlfield tag="005">20260317143036.0</controlfield>
  <controlfield tag="007">ta</controlfield>
  <controlfield tag="008">150511s2012    dr         000 0 spa d</controlfield>
  <datafield tag="040" ind1=" " ind2=" ">
    <subfield code="a">DO-SdBNP</subfield>
    <subfield code="b">spa</subfield>
    <subfield code="c">BNPHU</subfield>
    <subfield code="e">rda</subfield>
  </datafield>
  <datafield tag="041" ind1=" " ind2=" ">
    <subfield code="a">spa</subfield>
  </datafield>
  <datafield tag="082" ind1=" " ind2="4">
    <subfield code="a">317.293</subfield>
    <subfield code="b">R426e 2011</subfield>
    <subfield code="2">22</subfield>
  </datafield>
  <datafield tag="110" ind1="1" ind2=" ">
    <subfield code="a">Rep&#xFA;blica Dominicana.</subfield>
    <subfield code="b">Oficina Nacional de Estad&#xED;stica</subfield>
    <subfield code="9">5775</subfield>
  </datafield>
  <datafield tag="245" ind1="1" ind2="0">
    <subfield code="a">Encuesta nacional de hogares de prop&#xF3;sitos m&#xFA;ltiples ENHOGAR 2011 :</subfield>
    <subfield code="b">informe general /</subfield>
  </datafield>
  <datafield tag="264" ind1=" " ind2="1">
    <subfield code="a">Santo Domingo :</subfield>
    <subfield code="b">ONE,</subfield>
    <subfield code="c">2012.</subfield>
  </datafield>
  <datafield tag="300" ind1=" " ind2=" ">
    <subfield code="a">(48) 299 p&#xE1;ginas :</subfield>
    <subfield code="c">28 cm.</subfield>
  </datafield>
  <datafield tag="336" ind1=" " ind2=" ">
    <subfield code="a">texto</subfield>
    <subfield code="b">txt</subfield>
    <subfield code="2">rdacontent</subfield>
  </datafield>
  <datafield tag="337" ind1=" " ind2=" ">
    <subfield code="a">sin mediaci&#xF3;n</subfield>
    <subfield code="b">n</subfield>
    <subfield code="2">rdamedia</subfield>
  </datafield>
  <datafield tag="338" ind1=" " ind2=" ">
    <subfield code="a">volumen</subfield>
    <subfield code="b">nc</subfield>
    <subfield code="2">rdacarrier</subfield>
  </datafield>
  <datafield tag="500" ind1=" " ind2=" ">
    <subfield code="a">Acceso de los hogares a la tecnolog&#xED;a de la informaci&#xF3;n y comunicaci&#xF3;n, seguridad ciudadana, producci&#xF3;n agropecuaria, migraci&#xF3;n y remesas</subfield>
  </datafield>
  <datafield tag="505" ind1="2" ind2=" ">
    <subfield code="a">&#xCD;ndice general --</subfield>
    <subfield code="t">Introducci&#xF3;n --</subfield>
    <subfield code="t">Aspectos metodol&#xF3;gicos --</subfield>
    <subfield code="t">Caracter&#xED;sticas de la vivienda --</subfield>
    <subfield code="t">Caracter&#xED;sticas de los hogares --</subfield>
    <subfield code="t">Caracter&#xED;sticas b&#xE1;sicas de la poblaci&#xF3;n --</subfield>
    <subfield code="t">Fuerza de trabajo, empleo y desempleo --</subfield>
    <subfield code="t">La migraci&#xF3;n internacional --</subfield>
    <subfield code="t">Las remesas internacionales --</subfield>
    <subfield code="t">Producci&#xF3;n agropecuaria --</subfield>
    <subfield code="t">El acceso a las tecnolog&#xED;as de informaci&#xF3;n y comunicaci&#xF3;n --</subfield>
    <subfield code="t">Seguridad ciudadana o victimizaci&#xF3;n --</subfield>
    <subfield code="t">Anexo I. informe de las muestras --</subfield>
    <subfield code="t">Anexo II. Errores de muestreo --</subfield>
    <subfield code="t">Anexo III. Agrupaciones por productos --</subfield>
    <subfield code="t">Anexo IV. Lista personal de la encuesta --</subfield>
    <subfield code="t">Anexo V. Cuestionario.</subfield>
  </datafield>
  <datafield tag="590" ind1=" " ind2=" ">
    <subfield code="a">Inventariado,2020/ YL</subfield>
  </datafield>
  <datafield tag="650" ind1=" " ind2="4">
    <subfield code="a">Encuestas de viviendas</subfield>
    <subfield code="x">Estad&#xED;sticas</subfield>
    <subfield code="y">2011</subfield>
    <subfield code="z">Rep&#xFA;blica Dominicana</subfield>
    <subfield code="9">73842</subfield>
  </datafield>
  <datafield tag="650" ind1=" " ind2="7">
    <subfield code="a">Mercado de trabajo</subfield>
    <subfield code="y">2011</subfield>
    <subfield code="x">Estad&#xED;sticas</subfield>
    <subfield code="z">Rep&#xFA;blica Dominicana</subfield>
    <subfield code="2">LIBRUNAM</subfield>
    <subfield code="9">19058</subfield>
  </datafield>
  <datafield tag="651" ind1=" " ind2="4">
    <subfield code="a">Rep&#xFA;blica Dominicana</subfield>
    <subfield code="x">Pol&#xED;tica Social</subfield>
    <subfield code="y">2011</subfield>
    <subfield code="v">Estad&#xED;sticas</subfield>
    <subfield code="9">73844</subfield>
  </datafield>
  <datafield tag="651" ind1=" " ind2="4">
    <subfield code="x">Poblaci&#xF3;n</subfield>
    <subfield code="y">2011</subfield>
    <subfield code="v">Estad&#xED;sticas</subfield>
    <subfield code="z">Rep&#xFA;blica Dominicana</subfield>
    <subfield code="9">73845</subfield>
  </datafield>
  <datafield tag="710" ind1="1" ind2="2">
    <subfield code="a">Rep&#xFA;blica Dominicana.</subfield>
    <subfield code="b">Oficina Nacional de Estad&#xED;stica</subfield>
    <subfield code="9">5775</subfield>
  </datafield>
  <datafield tag="910" ind1=" " ind2=" ">
    <subfield code="a">Validado. Control de calidad MFF</subfield>
  </datafield>
  <datafield tag="942" ind1=" " ind2=" ">
    <subfield code="2">ddc</subfield>
    <subfield code="c">LBS1</subfield>
  </datafield>
  <datafield tag="952" ind1=" " ind2=" ">
    <subfield code="0">0</subfield>
    <subfield code="1">0</subfield>
    <subfield code="2">ddc</subfield>
    <subfield code="5">1</subfield>
    <subfield code="7">1</subfield>
    <subfield code="8">PD</subfield>
    <subfield code="a">BNPHU</subfield>
    <subfield code="b">PD</subfield>
    <subfield code="c">HD</subfield>
    <subfield code="d">2020-11-20</subfield>
    <subfield code="e">Donaci&#xF3;n</subfield>
    <subfield code="l">0</subfield>
    <subfield code="o">BNPHU PD 317.293 R426e 2011</subfield>
    <subfield code="p">2020-0539</subfield>
    <subfield code="r">2020-11-20</subfield>
    <subfield code="w">2020-11-20</subfield>
    <subfield code="y">LFPD</subfield>
  </datafield>
  <datafield tag="999" ind1=" " ind2=" ">
    <subfield code="c">49166</subfield>
    <subfield code="d">49166</subfield>
  </datafield>
</record>
